ARRUPE JESUIT UNIVERSITY

CORONAVIRUS -STOP THE SPREAD - CLEAN,DISINFECT,COVER

Work & human fulfillment / (Record no. 119969)

MARC details
000 -LEADER
fixed length control field 01692pam a22003974a 4500
001 - CONTROL NUMBER
control field 13028218
003 - CONTROL NUMBER IDENTIFIER
control field ARRUPE
005 - DATE AND TIME OF LATEST TRANSACTION
control field 20140205170738.0
008 - FIXED-LENGTH DATA ELEMENTS--GENERAL INFORMATION
fixed length control field 021211s2003 miu b 101 0 eng
010 ## - LIBRARY OF CONGRESS CONTROL NUMBER
LC control number 2002117172
020 ## - INTERNATIONAL STANDARD BOOK NUMBER
International Standard Book Number 0970610653
035 ## - SYSTEM CONTROL NUMBER
System control number (DLC) 2002117172
040 ## - CATALOGING SOURCE
Original cataloging agency DLC
Transcribing agency DLC
Modifying agency DLC
042 ## - AUTHENTICATION CODE
Authentication code pcc
050 00 - LIBRARY OF CONGRESS CALL NUMBER
Classification number HD6338
Item number .W725 2003
300 ## - PHYSICAL DESCRIPTION
Dimensions 29 cm.
245 00 - TITLE STATEMENT
Title Work & human fulfillment /
Statement of responsibility, etc edited by Edmond Malinvaud and Margaret S. Archer.
246 3# - VARYING FORM OF TITLE
Title proper/short title Work and human fulfillment
260 ## - PUBLICATION, DISTRIBUTION, ETC. (IMPRINT)
Place of publication, distribution, etc Ypsilanti, Mich. :
Name of publisher, distributor, etc Sapientia Press of Ave Maria College,
Date of publication, distribution, etc c2003.
300 ## - PHYSICAL DESCRIPTION
Extent vii, 329 p. ;
500 ## - GENERAL NOTE
General note "Pontifical Academy of the Social Sciences."
500 ## - GENERAL NOTE
General note Extracts from papers presented at three plenary sessions, held in 1996, 1997, and 1999 by the Pontifical Academy of the Social Sciences, along with other related studies.
504 ## - BIBLIOGRAPHY, ETC. NOTE
Bibliography, etc Includes bibliographical references (p. 303-39) and index.
650 #0 - SUBJECT ADDED ENTRY--TOPICAL TERM
Topical term or geographic name as entry element Church and labor
Form subdivision Congresses.
9 (RLIN) 8057
650 #0 - SUBJECT ADDED ENTRY--TOPICAL TERM
Topical term or geographic name as entry element Globalization
General subdivision Economic aspects
Form subdivision Congresses.
9 (RLIN) 8058
650 #4 - SUBJECT ADDED ENTRY--TOPICAL TERM
Topical term or geographic name as entry element Labor policy
Form subdivision Congresses.
9 (RLIN) 8059
650 #0 - SUBJECT ADDED ENTRY--TOPICAL TERM
Topical term or geographic name as entry element Industrial relations
Form subdivision Congresses.
9 (RLIN) 8060
650 #0 - SUBJECT ADDED ENTRY--TOPICAL TERM
Topical term or geographic name as entry element Quality of work life
Form subdivision Congresses.
9 (RLIN) 8061
650 #0 - SUBJECT ADDED ENTRY--TOPICAL TERM
Topical term or geographic name as entry element Work
General subdivision Social aspects
Form subdivision Congresses.
9 (RLIN) 8062
700 1# - ADDED ENTRY--PERSONAL NAME
Personal name Malinvaud, Edmond.
9 (RLIN) 8063
700 1# - ADDED ENTRY--PERSONAL NAME
Personal name Archer, Margaret Scotford.
9 (RLIN) 8064
710 2# - ADDED ENTRY--CORPORATE NAME
Corporate name or jurisdiction name as entry element Pontificia Accademia delle scienze sociali.
9 (RLIN) 8065
856 41 - ELECTRONIC LOCATION AND ACCESS
Materials specified Table of contents
Uniform Resource Identifier <a href="http://www.loc.gov/catdir/toc/fy044/2002117172.html">http://www.loc.gov/catdir/toc/fy044/2002117172.html</a>
906 ## - LOCAL DATA ELEMENT F, LDF (RLIN)
a 7
b cbc
c orignew
d 2
e epcn
f 20
g y-gencatlg
942 ## - ADDED ENTRY ELEMENTS (KOHA)
Source of classification or shelving scheme Library of Congress Classification
Koha item type Monograph ( Printed materials)
Holdings
Withdrawn status Lost status Source of classification or shelving scheme Damaged status Not for loan Collection code Home library Current library Shelving location Date acquired Total Checkouts Full call number Barcode Date last seen Price effective from Koha item type
    Library of Congress Classification     Main Collection ARRUPE LIBRARY ARRUPE LIBRARY Main Collection 05/02/2014   HD6338 .W725 2003 46411904 08/05/2018 05/02/2014 Monograph ( Printed materials)

 

Arrupe Library. PO Box MP320 Mt Pleasant, Harare, Zimbabwe
263 242 745411|librarian@aju.ac.zw